000 00938nam a2200181Ia 4500
005 20250423100026.0
008 250422s9999 xx 000 0 und d
020 _a0975390795
050 _aHQ 774 .B324/
100 _aBannister, Kim Radtke
245 0 _aLittleDallas : the definitive guide to life with little ones in the Dallas area
260 _aDallas
260 _bBrown Books
260 _c2005
300 _a344 p
650 _aInfants--Services for--Texas--Dallas Metropolitan Area--Directories. Toddlers--Services for--Texas--Dallas Metropolitan Area--Directories. Infant health services--Texas--Dallas Metropolitan Area--Directories. Maternal health services--Texas--Dallas Metropolitan Area--Directories. Infants' supplies--Texas--Dallas Metropolitan Area--Directories. Parents--Services for--Texas--Dallas Metropolitan Area--Directories. Family recreation--Texas--Dallas Metropolitan Area--Directories.
942 _cBK
999 _c32058
_d32058